000 01090nam a2200289 4500
001 0000014214
003 CO-CtgCURN
005 20250828171340.0
008 160627s2003 000 0 eng d
020 _a9586533360
040 _aCO-CtgCURN
_bspa
_ccoctgcurn
082 0 _a347.5
_bT15i
100 1 _aTamayo Jaramillo, Javier.
245 1 3 _aLa indemnizacion de perjuicios en el proceso penal /
_cJavier Tamayo Jaramillo.
250 _a2a ed.
260 _aBogotá :
_bLegis,
_c2003.
300 _axviii, 235 p.
336 _2rdacontent
337 _2rdamedia
_asin mediacion
_bn
338 _2rdacarrier
_avolumen
_bnc
504 _aBibliografia (p. 233-235)
505 8 _aLas partes en el ejercicio de la Acción civil dentro del proceso penal.--El ejercicio de la Acción civil en el proceso penal.--Efectos civiles de la sentencia condenatoria.--Efectos civiles de la sentencia penal absolutoria
650 0 _aObligaciones (Derecho)
908 _a160627
942 _cBK
_h347.5
_iT15i
_2ddc
999 _c49810
_d49810
_x1